Die Eroberung von Mexiko (Record no. 2651)
[ view plain ]
| 000 -CABECERA | |
|---|---|
| campo de control de longitud fija | 00900nam a2200229 a 4500 |
| 001 - NÚMERO DE CONTROL | |
| campo de control | BRCA_2912 |
| 005 - FECHA Y HORA DE LA ÚLTIMA TRANSACCIÓN | |
| campo de control | 20190320204026.0 |
| 008 - DATOS DE LONGITUD FIJA--INFORMACIÓN GENERAL | |
| campo de control de longitud fija | 121208s1907----gw-a---###---#000-0#ger-u |
| 050 #4 - SIGNATURA TOPOGRÁFICA DE LA BIBLIOTECA DEL CONGRESO | |
| Número de clasificación | F1230 |
| Número de documento/Ítem | .C67 1907 |
| 100 1# - ENTRADA PRINCIPAL--NOMBRE DE PERSONA | |
| Nombre de persona | Cortes, Hernando |
| Fechas asociadas al nombre | 1485-1547 |
| 9 (RLIN) | 8103 |
| 245 10 - MENCIÓN DE TÍTULO | |
| Título | Die Eroberung von Mexiko |
| Resto del título | Drei eigenhändige Berichte |
| Mención de responsabilidad, etc. | von Ferdinand Cortez an kaiser Karl V. ; Bearbeitet von Dr. Ernst Schultze. |
| 260 ## - PUBLICACIÓN, DISTRIBUCIÓN, ETC. | |
| Lugar de publicación, distribución, etc. | Hamburg |
| Nombre del editor, distribuidor, etc. | Im Gutenberg-Verlag Dr. E. Schultze |
| Fecha de publicación, distribución, etc. | 1907 |
| 300 ## - DESCRIPCIÓN FÍSICA | |
| Extensión | 641 p. |
| Otras características físicas | il., 6 láminas |
| Dimensiones | 23 cm. |
| 440 #0 - MENCIÓN DE SERIE/PUNTO DE ACCESO ADICIONAL--TÍTULO | |
| Título | Bibliothek Wertvoller Memoiren |
| Número de parte o sección de la obra | 4 |
| 9 (RLIN) | 8104 |
| 500 ## - NOTA GENERAL | |
| Nota general | B46 |
| 600 14 - PUNTO DE ACCESO ADICIONAL DE MATERIA--NOMBRE DE PERSONA | |
| Nombre de persona | Carlos |
| Títulos y otros términos asociados al nombre | Rey de España y V Emperador de Alemania |
| Fechas asociadas al nombre | 1500-1558 |
| Subdivisión general | Correspondencia, memorias, etc. |
| 9 (RLIN) | 8105 |
| 600 14 - PUNTO DE ACCESO ADICIONAL DE MATERIA--NOMBRE DE PERSONA | |
| Nombre de persona | Cortes, Hernando |
| Fechas asociadas al nombre | 1485-1547 |
| Subdivisión general | Correspondencia, memorias, etc. |
| 9 (RLIN) | 7968 |
| 651 #4 - PUNTO DE ACCESO ADICIONAL DE MATERIA--NOMBRE GEOGRÁFICO | |
| Nombre geográfico | México |
| Subdivisión general | Historia |
| 9 (RLIN) | 614 |
| 700 1# - PUNTO DE ACCESO ADICIONAL--NOMBRE DE PERSONA | |
| Nombre de persona | Schultze, Ernst |
| Término indicativo de función/relación | ed |
| 9 (RLIN) | 8106 |
| 902 ## - CATALOGADOR | |
| Iniciales | GFM |
| 942 ## - ELEMENTOS DE PUNTO DE ACCESO ADICIONAL (KOHA) | |
| Fuente del sistema de clasificación o colocación | Library of Congress Classification |
| Tipo de ítem Koha | Libros |
| Estado de retiro | Estado de pérdida | Estado dañado | No para préstamo | Localización permanente | Ubicación/localización actual | Fecha de adquisición | Número de inventario | Total de préstamos | Signatura topográfica completa | Código de barras | Fecha visto por última vez | Precio válido a partir de | Tipo de ítem Koha |
|---|---|---|---|---|---|---|---|---|---|---|---|---|---|
| El ejemplar forma parte de la colección y puede ser consultado según las políticas vigentes. | Biblioteca del Museo Franz Mayer (Rogerio Casas-Alatriste) | Biblioteca del Museo Franz Mayer (Rogerio Casas-Alatriste) | 12/12/2008 | B46 | F1230 .C67 1907 (B46) | 2909 | 22/03/2019 | 22/03/2019 | Libros |